000 02497cam a2200433 a 4500
001 16125928
005 20170105102344.0
008 100309s2010 maua b 001 0 eng c
010 _a 2010277412
016 7 _a101525514
_2DNLM
016 7 _a015544269
_2Uk
020 _a9781596933057 (hbk.)
020 _a1596933054 (hbk.)
035 _a(OCoLC)ocn244150463
040 _aNLM
_cNLM
_dYDXCP
_dBTCTA
_dBAKER
_dBWX
_dILU
_dCDX
_dG7G
_dNOH
_dUKMGB
_dDLC
042 _apcc
050 0 0 _aTK7872.D48
_bD565 2010
060 0 0 _a2010 B-979
060 1 0 _aW 26.55.C7
_bD611w 2010
082 _a681.2
100 1 _aDishongh, Terrance J.
245 1 0 _aWireless sensor networks for healthcare applications
_cTerrance J. Dishongh, Michael McGrath.
260 _aBoston :
_bArtech House,
_cc2010.
300 _axi, 246 p. :
_bill. ;
_c26 cm.
504 _aIncludes bibliographical references and index.
505 0 _aHealthcare and the wireless sensor network -- Sensor network technologies -- Informing your design -- Technology selection -- Data collection and decision making -- Deploying in the field -- Clinical deployments of wireless sensor networks: gait -- Contextural awareness medication prompting field trials in homes -- Case study: social health -- Future of wireless sensor networks for healthcare.
520 _a"Unlike other books on wireless sensors networks, this unique reference focuses on methods of application, validation and testing based on real deployments of sensor networks in the clinical and home environments. Key topics include healthcare and wireless sensors, sensor network applications, designs of experiments using sensors, data collection and decision making, clinical deployment of wireless sensor networks, contextual awareness medication prompting field trials in homes, social health monitoring, and the future of wireless sensor networks in healthcare."--Publisher description.
650 0 _aWireless sensor networks
_xDesign and construction.
650 0 _aMedical care
_xData processing.
650 0 _aTelecommunication in medicine.
650 1 2 _aComputer Communication Networks
_xinstrumentation.
650 1 2 _aTelemedicine.
650 2 2 _aTelecommunications.
700 1 _aMcGrath, Michael,
_cPh.D.
906 _a7
_bcbc
_cpccadap
_d2
_encip
_f20
_gy-gencatlg
942 _2ddc
_cBK
999 _c11628
_d11628